| 000 | 01188nam a22003015a 4500 | ||
|---|---|---|---|
| 008 | 110420t2001 nyua fr 001 0 eng d | ||
| 010 | _a 00040432 | ||
| 020 | _a9971513625 (cloth : alk. paper) | ||
| 020 | _a0471356174 | ||
| 040 |
_aEG-ScBUE _beng _cEG-ScBUE |
||
| 082 | 0 | 4 |
_a621.43 _bFER _222 |
| 100 | 1 | _aFerguson, Colin R. | |
| 245 | 1 | 0 |
_aInternal Combustion Engines : _bApplied Thermosciences / _cColin R. Ferguson, Allan T. Kirkpatrick. |
| 250 | _a2nd ed. | ||
| 260 |
_aNew York : _bJohn Wiley & Sons, _cc.2001. |
||
| 300 |
_axiii, 369 p. : _bill. ; _c26 cm. |
||
| 500 | _aIndex: p.367-369. | ||
| 504 | _aIncludes bibliographical references. | ||
| 590 | _aMohamed Hussein | ||
| 650 | 0 |
_aInternal combustion engines. _923199 _2BUEsh |
|
| 650 | 0 |
_aThermodynamics. _923200 _2BUEsh |
|
| 651 | _2BUEsh | ||
| 653 |
_bENGCHE _cAugust2015 |
||
| 700 | 1 |
_aKirkpatrick, Allan Thomson. _923201 |
|
| 856 | 4 | 2 |
_3Contributor biographical information _uhttp://www.loc.gov/catdir/bios/wiley042/00040432.html |
| 856 | 4 | 2 |
_3Publisher description _uhttp://www.loc.gov/catdir/description/wiley034/00040432.html |
| 856 | 4 | 2 |
_3Table of Contents _uhttp://www.loc.gov/catdir/toc/onix05/00040432.html |
| 999 |
_c5460 _d5460 |
||